Military Handbook,Design to Cost (Record no. 24652)

000 -LEADER
fixed length control field 00204nam a22000737a 4500
003 - CONTROL NUMBER IDENTIFIER
control field NUST
005 - DATE AND TIME OF LATEST TRANSACTION
control field 20170607140535.0
008 - FIXED-LENGTH DATA ELEMENTS--GENERAL INFORMATION
fixed length control field 140618b xxu||||| |||| 00| 0 eng d
020 ## - INTERNATIONAL STANDARD BOOK NUMBER
Terms of availability Available
040 ## - CATALOGING SOURCE
Original cataloging agency DLC
Language of cataloging DLC
Transcribing agency RCMS
082 ## - DEWEY DECIMAL CLASSIFICATION NUMBER
Classification number 670 DEF
100 ## - MAIN ENTRY--PERSONAL NAME
Personal name Department of Defense
9 (RLIN) 2150
245 ## - TITLE STATEMENT
Title Military Handbook,Design to Cost
Statement of responsibility, etc. Department of Defense
260 ## - PUBLICATION, DISTRIBUTION, ETC.
Place of publication, distribution, etc. Washington D. C
Name of publisher, distributor, etc. Department of Defense
Date of publication, distribution, etc. 25,April 1989
300 ## - PHYSICAL DESCRIPTION
Extent 45,p:
Other physical details ill:
Dimensions 30,cm.
538 ## - SYSTEM DETAILS NOTE
Display text Shelf No 1 Row No 3
650 ## - SUBJECT ADDED ENTRY--TOPICAL TERM
Topical term or geographic name entry element Engineering Standard
9 (RLIN) 2167
856 ## - ELECTRONIC LOCATION AND ACCESS
Materials specified Table of Content Only
942 ## - ADDED ENTRY ELEMENTS (KOHA)
Source of classification or shelving scheme
Koha item type Book
Holdings
Withdrawn status Lost status Source of classification or shelving scheme Damaged status Not for loan Permanent Location Current Location Shelving location Date acquired Total Checkouts Full call number Barcode Date last seen Price effective from Koha item type
          School of Interdisciplinary Engineering and Sciences (SINES) School of Interdisciplinary Engineering and Sciences (SINES) General Stacks 06/18/2014   670 DEF RCMS002534 06/18/2014 06/18/2014 Book
© 2023 Central Library, National University of Sciences and Technology. All Rights Reserved.